Acceptability of passion fruit (passiflora edulis linn.) in making jam / (Record no. 80469)

MARC details
000 -LEADER
fixed length control field 01714nam a22003137a 4500
003 - CONTROL NUMBER IDENTIFIER
control field URS
005 - DATE AND TIME OF LATEST TRANSACTION
control field 20240606211124.0
008 - FIXED-LENGTH DATA ELEMENTS--GENERAL INFORMATION
fixed length control field 240520b |||||||| |||| 00| 0 eng d
050 ## - LIBRARY OF CONGRESS CALL NUMBER
Classification number BT-HRM
Item number A487 2013
245 10 - TITLE STATEMENT
Title Acceptability of passion fruit (passiflora edulis linn.) in making jam /
Statement of responsibility, etc. Rosel R. Amurao [and three others].
260 #1 - PUBLICATION, DISTRIBUTION, ETC.
Date of publication, distribution, etc. [2013]
300 ## - PHYSICAL DESCRIPTION
Extent xii, 55 leaves :
Other physical details color illustrations ;
Dimensions 28 cm
336 ## - CONTENT TYPE
Source rdacontent
Content type term text
337 ## - MEDIA TYPE
Source rdamedia
Media type term unmediated
338 ## - CARRIER TYPE
Source rdacarrier
Carrier type term volume
500 ## - GENERAL NOTE
General note Undergraduate thesis (Hotel and Restaurant Management) - University of Rizal System, Cainta 2013
504 ## - BIBLIOGRAPHY, ETC. NOTE
Bibliography, etc. note Includes bibliographical references.
520 ## - SUMMARY, ETC.
Summary, etc. 'The study focused on the Acceptability of Passion Fruit in Making Jam wherein descriptive method of research and one shot experimental study were used. The developed product was prepared using Passion Fruit as the main ingredients in making Jam." -- Abstract
524 ## - PREFERRED CITATION OF DESCRIBED MATERIALS NOTE
Preferred citation of described materials note Amurao, R. R., [and three others]. (2013). Acceptability of passion fruit (passiflora edulis linn.) in making jam. University of Rizal System.
546 ## - LANGUAGE NOTE
Language note In English text.
650 #0 - SUBJECT ADDED ENTRY--TOPICAL TERM
Topical term or geographic name entry element Hotel and Restaurant Management
Form subdivision Thesis, Academic.
700 #1 - ADDED ENTRY--PERSONAL NAME
Personal name Amurao, Rosel R.,
Relator term researcher.
700 #1 - ADDED ENTRY--PERSONAL NAME
Personal name Curatcha, Jennylyn A.,
Relator term researcher.
700 #1 - ADDED ENTRY--PERSONAL NAME
Personal name Lee, Julian B.,
Relator term researcher.
700 #1 - ADDED ENTRY--PERSONAL NAME
Personal name Samson, John Carlo A.,
Relator term researcher.
856 ## - ELECTRONIC LOCATION AND ACCESS
Materials specified Online Request for Student Unpublished Works
Uniform Resource Identifier <a href="https://docs.google.com/forms/d/e/1FAIpQLSdtj_eCncT3hgTIbOB8g-3uMYPTK14UGxs8cj-GqWFJPmnTLA/viewform">https://docs.google.com/forms/d/e/1FAIpQLSdtj_eCncT3hgTIbOB8g-3uMYPTK14UGxs8cj-GqWFJPmnTLA/viewform</a>
856 ## - ELECTRONIC LOCATION AND ACCESS
Materials specified Click here to access online
Uniform Resource Identifier <a href="https://drive.google.com/file/d/1OmCR_2sYnfMXovcYvXb_Ws289jZo9393/view?usp=sharing">https://drive.google.com/file/d/1OmCR_2sYnfMXovcYvXb_Ws289jZo9393/view?usp=sharing</a>
942 ## - ADDED ENTRY ELEMENTS (KOHA)
Source of classification or shelving scheme Library of Congress Classification
Koha item type Theses and dissertations
Holdings
Withdrawn status Source of classification or shelving scheme Damaged status Not for loan Collection code Home library Current library Shelving location Date acquired Source of acquisition Total Checkouts Full call number Barcode Date last seen Copy number Price effective from Koha item type
  Library of Congress Classification     Non-fiction Cainta College Library Cainta College Library Undergraduate Theses 05/21/2024 Donation   BT-HRM A487 2013 URSCAI-UGT0343 05/20/2024 c.1 05/20/2024 Theses and dissertations

University of Rizal System
Email us at univlibservices@urs.edu.ph

Visit our Website www.urs.edu.ph/library